Normal view
MARC view
Entry Topical Term
001 - CONTROL NUMBER
- control field: 252271
003 - CONTROL NUMBER IDENTIFIER
- control field: OSt
005 - DATE AND TIME OF LATEST TRANSACTION
- control field: 20260122163044.0
008 - FIXED-LENGTH DATA ELEMENTS
- fixed length control field: 260122|| aca||aabn | a|a d
040 ## - CATALOGING SOURCE
- Original cataloging agency: OSt
- Transcribing agency: OSt
150 ## - HEADING--TOPICAL TERM
- Topical term or geographic name entry element: Valuation and forecasting
670 ## - SOURCE DATA FOUND
- Source citation: Work cat.: (OSt)182266: White, Gerald I. 252268, Analysis and use of financial statements /, 2006.